Welcome to CU Library Online Public Access Catalogue (OPAC)

Democracy and the limits of minority rights / (Record no. 2506)

MARC details
000 -LEADER
fixed length control field 00814cam a22002414a 4500
001 - CONTROL NUMBER
control field 12761397
005 - DATE AND TIME OF LATEST TRANSACTION
control field 20250110123757.0
008 - FIXED-LENGTH DATA ELEMENTS--GENERAL INFORMATION
fixed length control field 020501s2002 ii b 001 0 eng
020 ## - INTERNATIONAL STANDARD BOOK NUMBER
International Standard Book Number 0761996753 (hbk.)
020 ## - INTERNATIONAL STANDARD BOOK NUMBER
International Standard Book Number 0761996761 (pbk.)
050 00 - LIBRARY OF CONGRESS CALL NUMBER
Classification number JC423
Item number .R25 2002
082 00 - DEWEY DECIMAL CLASSIFICATION NUMBER
Classification number 323.1
Edition information 21
100 1# - MAIN ENTRY--PERSONAL NAME
Personal name Rajan, Nalini,
Dates associated with a name 1954-
245 10 - TITLE STATEMENT
Title Democracy and the limits of minority rights /
Statement of responsibility, etc. Nalini Rajan.
260 ## - PUBLICATION, DISTRIBUTION, ETC.
Place of publication, distribution, etc. New Delhi ;
-- Thousand Oaks, CA :
Name of publisher, distributor, etc. Sage Publications,
Date of publication, distribution, etc. 2002.
300 ## - PHYSICAL DESCRIPTION
Extent 236 p. ;
Dimensions 23 cm.
650 #0 - SUBJECT ADDED ENTRY--TOPICAL TERM
Topical term or geographic name entry element Human rights.
650 #0 - SUBJECT ADDED ENTRY--TOPICAL TERM
Topical term or geographic name entry element Minorities.
650 #0 - SUBJECT ADDED ENTRY--TOPICAL TERM
Topical term or geographic name entry element Democracy.
856 41 - ELECTRONIC LOCATION AND ACCESS
Materials specified Table of contents only
Uniform Resource Identifier <a href="http://www.loc.gov/catdir/toc/fy036/2002070530.html">http://www.loc.gov/catdir/toc/fy036/2002070530.html</a>
856 42 - ELECTRONIC LOCATION AND ACCESS
Materials specified Publisher description
Uniform Resource Identifier <a href="http://www.loc.gov/catdir/enhancements/fy0657/2002070530-d.html">http://www.loc.gov/catdir/enhancements/fy0657/2002070530-d.html</a>
942 ## - ADDED ENTRY ELEMENTS (KOHA)
Source of classification or shelving scheme Library of Congress Classification
Koha item type Books
Suppress in OPAC No
999 ## -
-- 2506
-- 2506
Holdings
Withdrawn status Lost status Source of classification or shelving scheme Damaged status Not for loan Collection Home library Current library Shelving location Date acquired Total checkouts Full call number Date last seen Copy number Price effective from Koha item type
    Library of Congress Classification     Non-fiction Undergraduate Library (Christ Temple) Undergraduate Library (Christ Temple) General stacks 01/10/2025   JC423.R25 RAJ 01/10/2025 1 01/10/2025 Books
    Library of Congress Classification     Non-fiction Undergraduate Library (Christ Temple) Undergraduate Library (Christ Temple) General stacks 01/10/2025   JC423.R25 RAJ 01/10/2025 2 01/10/2025 Books
© 2023-2024 Copyright: Central University Libraries. All Rights Reserved | Created by: Mahone Tech Office